| 000 | 00612nam a22001815a 4500 | ||
|---|---|---|---|
| 005 | 20180412155224.0 | ||
| 010 | _aB-690768-769 | ||
| 020 |
_a9788170492375 _c495.00 |
||
| 035 | _aB-690768-769 | ||
| 082 | _a954.035092 | ||
| 100 | _aDhar Anuj | ||
| 245 |
_aBack from dead : _cby Anuj Dhar _binside the Subhas Bose mystery / |
||
| 260 |
_aNew Delhi : _bManas Publications, _c2014 |
||
| 300 |
_a400p. ; _c22cm(Hb) |
||
| 500 | _aBalidani | ||
| 942 |
_2ddc _cEN _mDHA _h954.035092 |
||
| 999 |
_c151136 _d151136 |
||